ITTF-IPTTC, Level Coaching Manual (Record no. 9945)

MARC details
000 -LEADER
fixed length control field 00329nam a22001217a 4500
008 - FIXED-LENGTH DATA ELEMENTS--GENERAL INFORMATION
fixed length control field 240806b |||||||| |||| 00| 0 eng d
082 ## - DEWEY DECIMAL CLASSIFICATION NUMBER
Classification number 158.3 ITTF
100 ## - MAIN ENTRY--PERSONAL NAME
Personal name ITTF
245 ## - TITLE STATEMENT
Title ITTF-IPTTC, Level Coaching Manual
260 ## - PUBLICATION, DISTRIBUTION, ETC.
Place of publication, distribution, etc. USA
Name of publisher, distributor, etc. Newgy Industries
300 ## - PHYSICAL DESCRIPTION
Extent 110p.
Dimensions 16cm.
942 ## - Added entry Elements (Koha)
Source of classification or shelving scheme Dewey Decimal Classification
Classification part 158.3 ITTF
-- 158_300000000000000_ITTF
Holdings
Withdrawn status Lost status Source of classification or shelving scheme Damaged status Not for loan Collection code Home library Current library Shelving location Date acquired Serial Enumeration / chronology Full call number Barcode Date last seen Price effective from Koha item type Public note Total Checkouts
    Dewey Decimal Classification     Main TEST RTC Library RTC Library Main opac 06/08/2024 18589 158.3 FTTF C.1 30019652 06/08/2024 06/08/2024 Main Gift from Drala Sir, BSH Faculty  
    Dewey Decimal Classification     Main TEST RTC Library RTC Library Main opac 06/08/2024 18606 158.3 FTTF C.2 30019684 07/08/2024 06/08/2024 Main Gift from Drala Sir, BSH Faculty  
Royal Thimphu College || All Right Reserved